Elementos del derecho público de la paz y de la guerra
Saved in:
| Hovedforfatter: | |
|---|---|
| Format: | Bog |
| Sprog: | spansk |
| Udgivet: |
Madrid
Oficina de la Viuda de Manuel Fernández
1771
|
| Fag: | |
| Tags: |
Tilføj Tag
Ingen Tags, Vær først til at tagge denne postø!
|
MARC
| LEADER | 00000nam a2200000 a 4500 | ||
|---|---|---|---|
| 001 | UCR4179 | ||
| 003 | CL-VaPUC | ||
| 008 | 980307e17710000SP |||||||||||||||||spa|d | ||
| 082 | 0 | 4 | |a 341.5 |b OLM |2 21 |
| 100 | |a Olmeda y León, Joseph de |e autor |9 403888 | ||
| 245 | 1 | 0 | |a Elementos del derecho público de la paz y de la guerra |
| 300 | |a t | ||
| 942 | |c BK | ||
| 945 | |d 19980307 00:00:00 |a cmena | ||
| 260 | |a Madrid |b Oficina de la Viuda de Manuel Fernández |c 1771 | ||
| 500 | |a Donación del padre Enrique Pascal García Huidobro | ||
| 650 | 7 | |a DERECHO INTERNACIONAL PUBLICO |2 CL-VaPUC |9 403889 | |
| 650 | 0 | |a Derecho público |9 255910 | |
| 650 | 7 | |a DERECHO DE GUERRA |2 CL-VaPUC |9 393230 | |
| 650 | 0 | |a Tratados internacionales |9 256056 | |
| 650 | 7 | |a CONFLICTOS INTERNACIONALES |2 CL-VaPUC |9 334143 | |
| 650 | 7 | |a DERECHO CONSULAR |2 CL-VaPUC |9 398254 | |
| 650 | 0 | |a Derecho civil |9 255013 | |
| 583 | |a last modification |c 19980307 00:00:00 |k Rodrigo Vera | ||
| 999 | |c 267130 |d 267128 | ||
| 952 | |0 0 |1 0 |4 0 |6 341_500000000000000_OLM_1771 |7 0 |8 X |9 299316 |a BIBDER |b BIBDER |d 2019-11-20 |h t.2 |i 1958399 |o 341.5 OLM 1771 |p 1958399 |r 2023-01-25 |w 2019-11-20 |y BK_X |k DER | ||